| 000 | 004500000a22001810004500 | ||
|---|---|---|---|
| 001 | 1626 | ||
| 003 | CO-MdFUSB | ||
| 005 | 20170615140934.0 | ||
| 008 | 170615b xxu||||| |||| 00| 0 eng d | ||
| 020 | _a978-84-205-5229-3 | ||
| 040 | _cCO-MdBIC | ||
| 082 | 0 | 4 | _a863C P588l |
| 100 | 1 | _aPicouly, Daniel | |
| 245 | 1 | 0 | _aLulú y el abeto huérfano / Daniel Picouly ; Fréderic Pillot |
| 260 | _aMadrid : Pearson | ||
| 300 | _a[34 P.] | ||
| 942 | _cLGB | ||
| 999 |
_c48784 _d48784 |
||